Pokémon Pokédex (0387-0493) vf - Statistiques

Statistiques générales
  • Ce quiz a été pris 9 fois
  • Le résultat moyen est 51 sur 107
Statistiques - réponses
Numéro Pokédex Type de quiz Pokémon % Correct
0420 Plante Ceribou
100%
0403 Électrique Lixy
100%
0404 Électrique Luxio
100%
0405 Électrique Luxray
100%
0418 Eau Mustébouée
100%
0419 Eau Mustéflott
100%
0417 Électrique Pachirisu
100%
0407 Plante + Poison Roserade
100%
0406 Plante + Poison Rozbouton
100%
0416 Insecte + Vol Apireine
75%
0415 Insecte + Vol Apitrini
75%
0411 Roche + Acier Bastiodon
75%
0388 Plante Boskara
75%
0400 Normal + Eau Castorno
75%
0409 Roche Charkos
75%
0413 Insecte + Plante Cheniselle
75%
0412 Insecte Cheniti
75%
0391 Feu + Combat Chimpenfeu
75%
0401 Insecte Crikzik
75%
0410 Roche + Acier Dinoclier
75%
0398 Normal + Vol Étouraptor
75%
0396 Normal + Vol Étourmi
75%
0397 Normal + Vol Étourvol
75%
0399 Normal Keunotor
75%
0408 Roche Kranidos
75%
0402 Insecte Mélokrik
75%
0390 Feu Ouisticram
75%
0414 Insecte + Vol Papilord
75%
0395 Eau + Acier Pingoléon
75%
0394 Eau Prinplouf
75%
0392 Feu + Combat Simiabraz
75%
0393 Eau Tiplouf
75%
0389 Plante + Sol Torterra
75%
0387 Plante Tortipouss
75%
0424 Normal Capidextre
50%
0466 Électrique Élekable
50%
0471 Glace Givrali
50%
0446 Normal Goinfrex
50%
0450 Sol Hippodocus
50%
0449 Sol Hippopotas
50%
0433 Psy Korillon
50%
0448 Combat + Acier Lucario
50%
0467 Feu Maganon
50%
0429 Spectre Magirêve
50%
0462 Électrique + Acier Magnézone
50%
0473 Glace + Sol Mammochon
50%
0478 Glace + Spectre Momartik
50%
0470 Plante Phyllali
50%
0447 Combat Riolu
50%
0422 Eau Sancoki
50%
0472 Sol + Vol Scorvol
50%
0442 Spectre + Ténèbres Spiritomb
50%
0468 Fée + Vol Togekiss
50%
0423 Eau + Sol Tritosor
50%
0455 Plante Vortente
50%
0493 Normal Arceus
25%
0437 Acier + Psy Archéodong
25%
0436 Acier + Psy Archéomire
25%
0458 Eau + Vol Babimanta
25%
0425 Spectre + Vol Baudrive
25%
0460 Plante + Glace Blizzaroi
25%
0459 Plante + Glace Blizzi
25%
0465 Plante Bouldeneu
25%
0445 Dragon + Sol Carchacrok
25%
0444 Dragon + Sol Carmache
25%
0432 Normal Chaffreux
25%
0431 Normal Chaglam
25%
0454 Poison + Combat Coatox
25%
0430 Ténèbres + Vol Corboss
25%
0463 Normal Coudlangue
25%
0453 Poison + Combat Cradopaud
25%
0482 Psy Créfadet
25%
0481 Psy Créfollet
25%
0480 Psy Créhelf
25%
0488 Psy Cresselia
25%
0491 Ténèbres Darkrai
25%
0483 Acier + Dragon Dialga
25%
0461 Ténèbres + Glace Dimoret
25%
0452 Poison + Ténèbres Drascore
25%
0456 Eau Écayon
25%
0475 Psy + Combat Gallame
25%
0487 Spectre + Dragon Giratina
25%
0443 Dragon + Sol Griknot
25%
0426 Spectre + Vol Grodrive
25%
0485 Feu + Acier Heatran
25%
0427 Normal Laporeille
25%
0428 Normal Lockpin
25%
0457 Eau Luminéon
25%
0490 Eau Manaphy
25%
0438 Roche Manzaï
25%
0439 Psy + Fée Mime Jr.
25%
0479 Électrique + Spectre Motisma
25%
0435 Poison + Ténèbres Moufflair
25%
0434 Poison + Ténèbres Moufouette
25%
0477 Spectre Noctunoir
25%
0484 Eau + Dragon Palkia
25%
0489 Eau Phione
25%
0441 Normal + Vol Pijako
25%
0474 Normal Porygon-Z
25%
0440 Normal Ptiravi
25%
0451 Poison + Insecte Rapion
25%
0486 Normal Regigigas
25%
0464 Sol + Roche Rhinastoc
25%
0492 Plante Shaymin
25%
0476 Roche + Acier Tarinorme
25%
0469 Insecte + Vol Yanmega
25%
0421 Plante Certiflor
0%
Aucun quiz correspondant
Distribution des résultats
% des personnes avec chaque résultat
Percentile par nombre de réponses
Votre historique - résultats
Vous n’avez pas pris ce quiz